000 00304nam a22001337a 4500
008 170601b xxu||||| |||| 00| 0 eng d
020 _a9780321002907
041 _aeng
080 _25ED
_a94(7/8)
100 _a17
101 _ashh
245 _aAMERICA PAST AND PRESENT
_cBREEN.D
942 _2udc
_cBK
999 _c15223
_d15223